• 首页
  • 本馆介绍
  • 公告通知
  • 最新文献
  • 馆藏检索
  • 电子资源
  • 读者导购
  • 参考咨询
  • 我的图书馆
  • 登录
  • 详细信息显示
  • 放入我的书架
  • 预约/预借图书
  • 作者相关作品
  • 分类相关作品
  • 丛书相关作品
  • 出版社相关作品

书目信息

  • 表格格式
  • 工作单格式
  • 卡片格式
题名:
食品药品监管信息化工程概论
    
 
作者: 张震 , 宋桂成 , 张佩英 主编
分册:  
出版信息: 成都   电子科技大学出版社  2018
页数: 428页
开本: 26cm
丛书名:
单 册:
中图分类: R155.5-39 , R954-39
科图分类:
主题词: 食品卫生--Shi Pin Wei Sheng--监管制度--信息化--中国 , 药品管理--Yao Pin Guan Li--监管制度--信息化--中国
电子资源:
ISBN: 978-7-5647-5626-0
000 01181nam0 2200301 450
001 012001002304
005 20131110141131.0
010    @a978-7-5647-5626-0@dCNY78.00
099    @aCAL 012018055129
100    @a20180515d2018 em y0chiy50 ea
101 0  @achi
102    @aCN@b510000
105    @aa a 000yy
106    @ar
200 1  @a食品药品监管信息化工程概论@AShi Pin Yao Pin Jian Guan Xin Xi Hua Gong Cheng Gai Lun@f张震, 宋桂成, 张佩英主编
210    @a成都@c电子科技大学出版社@d2018
215    @a428页@c图@d26cm
320    @a有书目 (第424-428页)
330    @a本书通过对现代信息化技术详细介绍了“食品药品监管信息化工程”的相关核心技术和建设内容,包括标准规范、基础设施、大数据中心等,全面准确阐述了“食品药品监管信息化工程”与食品药品安全的关系、与社会及政务信息化的关系。
606 0  @a食品卫生@AShi Pin Wei Sheng@x监管制度@x信息化@y中国
606 0  @a药品管理@AYao Pin Guan Li@x监管制度@x信息化@y中国
690    @aR155.5-39@v5
690    @aR954-39@v5
701  0 @a张震@AZhang Zhen@4主编
701  0 @a宋桂成@ASong Gui Cheng@4主编
701  0 @a张佩英@AZhang Pei Ying@4主编
801  0 @aCN@b北京卓展@c20191020
905    @b1205197-200@dR155.5-39@e136@f4
    
    食品药品监管信息化工程概论/张震, 宋桂成, 张佩英主编.-成都:电子科技大学出版社,2018
    428页:图;26cm
    
    
    ISBN 978-7-5647-5626-0:CNY78.00
    本书通过对现代信息化技术详细介绍了“食品药品监管信息化工程”的相关核心技术和建设内容,包括标准规范、基础设施、大数据中心等,全面准确阐述了“食品药品监管信息化工程”与食品药品安全的关系、与社会及政务信息化的关系。
●
相关链接 在E读中查询图书 在五车中查询图书 在当当中查询图书 在豆瓣中查询图书


正题名:食品药品监管信息化工程概论     索取号:R155.5-39/136         预约/预借

序号 登录号 条形码 馆藏地/架位号 状态 备注
1 1205197   212051973   第二样本阅览室/ [索取号:R155.5-39/136] 在馆    
2 1205198   212051982   第三借阅区/ [索取号:R155.5-39/136] 在馆    
3 1205199   212051991   第三借阅区/ [索取号:R155.5-39/136] 在馆    
4 1205200   212052008   第三借阅区/ [索取号:R155.5-39/136] 在馆    
唐山师范学院图书馆 欢迎您!
大连网信软件有限公司© 版权所有